| 000 | 00682cam a2200217 a 4500 | ||
|---|---|---|---|
| 001 | 15644236 | ||
| 005 | 20241127142538.0 | ||
| 008 | 090303s2011 caua 001 0 eng | ||
| 020 | _a9781439046890 (pbk.) | ||
| 020 | _a1439046891 (pbk.) | ||
| 050 | 0 | 0 |
_aQA39.3 _b.E89 2011 |
| 100 | 1 |
_aEwen, Dale, _d1941- |
|
| 245 | 1 | 0 |
_aElementary technical mathematics / _cDale Ewen, C. Robert Nelson. |
| 250 |
_a10th ed. _binstructor's edition |
||
| 260 |
_aBelmont, CA : _bThomson Brooks/Cole, _cc2011. |
||
| 300 |
_axvii, 648, [5] p. : _bill. (some col.) ; _c28 cm. |
||
| 500 | _aIncludes index. | ||
| 650 | 0 |
_aMathematics _vTextbooks. |
|
| 700 | 1 | _aNelson, C. Robert. | |
| 942 |
_2lcc _cBK _n0 |
||
| 999 |
_c1623 _d1623 |
||